01572nam a2200337 a 4500001001000000005001700010008004100027041000800068044000700076084002000083100005000103245008200153260003900235300001900274440003900293500019600332500009500528500011400623500001000737546002500747650005700772650006100829650003900890650005000929700005700979740005001036902000801086942001101094999001501105952011401120BRCA_298720190320204046.0231208s1930----sp-#---###---#000-0#cat-u acat asp a310b.L68c19301 aCervantes Saavedra, Miguel ded1547-1616921310aL´enginyós Cavaller Don Quixot de la ManchacMiguel de Cervantes Saavedra. aBarcelonabAntoni Lópezc[1930?] a280 p.c16 cm. 0aColecció D´Obres Selectes98272 aContenido : Primera parte. Dedicatoria del autor. Prólogo de Givanel y Mas. Prólogo del autor. Versos preliminares. Texto. Segunda parte. Dedicatoria del autor. Prólogo del autor. Texto aEdición : Traducció de Antoni Bulbena y Tusell i amb un próleg de Joan Givanel y Mas aEjemplar similar al anterior. Tela. Los tomos están encuandernados como sigue: II, III y I Lúdovik Osterc aQMB85 aTexto en : catalán14aNovela españolayÉpoca clásica, 1500-1700921514aLiteratura españolayÉpoca clásica, 1500-1700921614aNovela españolaySiglo XVII921714aDon Quijote (Personaje ficticio)eNovela92181 aBulbena i Tusell, Antonid1854-1946eTraductor982730 aEl Ingenioso Hidalgo Don Quijote de la Mancha aQFM 2lcccB c2726d2726 00104070aBRCAbBRCAd2008-12-23iQMB85l0o310 .L68 1930 (QMB85)p2984r2019-03-22 00:00:00w2019-03-22yB